000 00372nam a2200133Ia 4500
008 231019s9999 xx 000 0 und d
082 _a791.4372
_bSOH-N
100 _aMuhammad Sohail Bhatti & Dr. Rashid Ahmad Shibli
245 0 _aNTS MCQ's Educator Guide
260 _aLahore, Pakistan
_bBhatti Sons Publishers
_c2010
300 _a528
650 _aEnglish
999 _c34459
_d34459